| 000 | 01585nam a2200313 i 4500 | ||
|---|---|---|---|
| 001 | 991061727876906706 | ||
| 003 | ES-BaIT | ||
| 005 | 20260227124822.0 | ||
| 008 | 260227e202508 fr r 000 d fre c | ||
| 020 | _a9782749816913 | ||
| 040 |
_aES-BaIT _bcat _erda _cES-BaIT |
||
| 080 | _a840-2"19" | ||
| 100 | 1 |
_aMeyniac, Sylvain _eautor _9168747 |
|
| 245 | 1 | 4 |
_aUne Heure à t'attendre / _cSylvain Meyniac |
| 264 | 1 |
_aParis : _bL'avant-scène théâtre, _caoût 2025 |
|
| 300 |
_a58 pàgines ; _c21 cm |
||
| 336 |
_atext _btxt _2rdacontent |
||
| 337 |
_asense mediació _bn _2rdamedia |
||
| 338 |
_avolum _bnc _2rdacarrier |
||
| 490 | 1 |
_aL'Avant-scène théâtre ; _vno 1579 |
|
| 500 | _aP2: H2 | ||
| 500 | _aPublicat com no 1579 (août 2025) de la revista L'Avant-scène théâtre | ||
| 500 | _aEstrena Théâtre du Chêne Noir (Avignon) el 5 de juliol de 2025 | ||
| 520 | _a"Dans un appartement sous les toits, coupés du monde, pendant une heure, deux hommes vont se retrouver, se jauger, se confronter. Une femme est au cur de leur échange. Une heure à l'attendre... Elle est absente mais peuple les lieux comme si elle était déjà arrivée : son parfum dans l'air, son nom sur les lèvres, son souvenir dans le regard de ceux qui l'aiment. Une pièce qui interroge sur la nature de l'attente, la perception de l'autre et ce que la rivalité révèle de l'amour. Un huis clos intime, tendu, où la stupeur et l'émotion affleurent"-- Contracoberta | ||
| 830 |
_aAvant-scène. _pThéâtre _vno 1579 _9168170 |
||
| 908 | _aCDMAE | ||
| 940 | _aCDMAE | ||
| 942 |
_2udc _c1 |
||
| 999 |
_c137168 _d137168 |
||